000 00888cab a2200277 4500
001 ABS52045
008 090401t1995 xxu||||| |||| 00| 0 eng d
035 _a(Sirsi) u56419
041 _aeng
100 _aPoole, A.
245 4 _aThe hazards of lead piping
260 _c1995
350 _a0
490 _aCSM (Chartered Surveyor Monthly)
_v4(3) January 1995, 38(1)
520 _aExamines the problems caused by lead piping for plumbing and discusses how these should be acknowledged in a building survey.
650 _aBUILDING SURVEYS
650 _aHEALTH HAZARDS
650 _aBUILT ENVIRONMENT-BUILDING MATERIALS-METAL-LEAD
650 _aLEAD PIPING
650 _aLEAD PLUMBING
650 _aSTRUCTURAL SURVEYS
690 _aBUILDING AND CONSTRUCTION-DEFECTS AND FAILURES
690 _aBUILT ENVIRONMENT-BUILDING INSPECTION
942 _n0
948 _c04/03/1997
999 _c34404
_d34404